000 00505nam a2200181Ia 4500
003 GCL
008 140319s9999 xx 000 0 ara d
040 _aGCL /
_cGCL
082 0 4 _a813.01
_bم ت
100 1 _aميخائيل مسعود
245 1 0 _aلسع وصفع /
_cميخائيل مسعود
260 _a[S.N] :
_bدار الكتاب اللبنانى ،
_c1984
300 _a128 ص
490 _a
650 0 4 _aالادب العربى
650 0 4 _aالقصص العربية
942 _2ddc
_cBK
999 _c54136
_d54136